[Event "Challenge"]
[Site "http://www.queenalice.com/game.php?id=287770"]
[Date "2007.10.16"]
[Round "-"]
[White "commando"]
[Black "anderson_amorim89"]
[Result "0-1"]
[WhiteElo "1315"]
[BlackElo "1950"]

1. d4 d5 2. e3 e6 3. Nc3 Bb4 4. Nf3 Ne7 5. Bd3 Nbc6 6. a3 Bxc3+ 7. bxc3 Bd7 8.
O-O O-O 9. Ng5 Ng6 10. e4 Nce7 11. Rb1 Rb8 12. exd5 Nxd5 13. Ne4 f5 14. c4 fxe4
15. cxd5 exd3 16. Qxd3 exd5 17. g3 Bh3 18. Re1 Qf6 19. Re2 Qf3 20. Qxf3 Rxf3 21.
Bg5 b6 22. Re3 Rbf8 23. Rc1 Rxf2 24. Ree1 h6 25. Be3 Rg2+ 26. Kh1 Rf3 27. c4 Ne7
28. c5 Nf5 29. Rc3 Nxe3 30. Rcxe3 Rxe3 31. Rxe3 Rf2 32. Re5 Rf1# 0-1

[Event "Challenge"]
[Site "http://www.queenalice.com/game.php?id=288302"]
[Date "2007.10.17"]
[Round "-"]
[White "Football_rules"]
[Black "commando"]
[Result "0-1"]
[WhiteElo "1368"]
[BlackElo "1296"]

1. e4 e5 2. Nf3 Nc6 3. Nc3 Bc5 4. d3 Nf6 5. Ng5 O-O 6. Qf3 Nd4 7. Qd1 d5 8. Nxd5
Nxd5 9. exd5 Qxd5 10. Qh5 h6 11. c4 Qd6 12. Ne4 Qe7 13. Bxh6 Nc2+ 14. Kd1 Nxa1
15. Ng5 f6 16. Ne4 Bd4 17. b3 f5 18. Bg5 Qe6 19. Be2 fxe4 20. Bg4 Qd6 21. Re1
Bxf2 22. Bd2 Qxd3 23. Be2 Qc2# 0-1

[Event "Challenge"]
[Site "http://www.queenalice.com/game.php?id=293597"]
[Date "2007.10.26"]
[Round "-"]
[White "commando"]
[Black "Football_rules"]
[Result "1-0"]
[WhiteElo "1313"]
[BlackElo "1360"]

1. d4 e6 2. e4 Qf6 3. Nf3 Nc6 4. Be2 Bb4+ 5. Nc3 Nge7 6. O-O a6 7. d5 Ne5 8.
dxe6 dxe6 9. Nxe5 Qxe5 10. Be3 b5 11. Qd2 Bb7 12. Bg5 Bxe4 13. Bf3 Rd8 14. Qe3
Bd6 15. g3 f5 16. Nxe4 fxe4 17. Bxe4 Qxb2 18. Bc6+ Rd7 19. Qxe6 Bc5 20. Qxd7+
Kf7 21. Bd5+ Kg6 22. Bxe7 Bxf2+ 23. Kxf2 Qxc2+ 24. Kg1 h5 25. Qe6+ Kh7 26. Be4+
Qxe4 27. Qxe4+ Kg8 28. Rf8# 1-0

[Event "Challenge"]
[Site "http://www.queenalice.com/game.php?id=296731"]
[Date "2007.11.1"]
[Round "-"]
[White "robertolanger"]
[Black "commando"]
[Result "0-1"]
[WhiteElo "1375"]
[BlackElo "1333"]

1. e4 e5 2. Qh5 Nf6 3. Qxe5+ Be7 4. d4 Nc6 5. Qg5 Nxd4 6. Na3 Bxa3 7. Qe5+ Qe7
8. Qxd4 Nxe4 9. Be3 Bb4+ 10. c3 Bc5 11. Qxg7 Qf8 12. Bxc5 Qxg7 13. Bd4 f6 14.
O-O-O d6 15. c4 Be6 16. Re1 Qg5+ 17. Be3 Qf5 18. Bd3 O-O-O 19. Bxa7 b6 20. Bxe4
Qxf2 21. Nf3 Bxc4 22. h4 Bxa2 23. h5 d5 24. Bxb6 Qxb6 25. Bf5+ Kb8 26. Bc2 Rhg8
27. Nh4 d4 28. Bxh7 Qc5+ 29. Kd2 Rg3 30. Ra1 Qc4 31. Nf3 Rxg2+ 32. Kd1 Bb3+ 33.
Bc2 Bxc2+ 34. Kc1 Be4+ 35. Kd1 Qc2+ 36. Ke1 Qe2# 0-1

[Event "Challenge"]
[Site "http://www.queenalice.com/game.php?id=302775"]
[Date "2007.11.12"]
[Round "-"]
[White "Football_rules"]
[Black "commando"]
[Result "1-0"]
[WhiteElo "1340"]
[BlackElo "1331"]

1. e4 e5 2. Nf3 Nf6 3. Nc3 Bd6 4. b3 O-O 5. Bb2 Nc6 6. Bc4 Nb4 7. a3 Nc6 8. d4
exd4 9. Nxd4 Re8 10. f3 Bc5 11. Nce2 d5 12. exd5 Nxd5 13. Nxc6 bxc6 14. Qd3 g6
15. O-O-O Qg5+ 16. Kb1 Ne3 17. Qc3 Kf8 18. Qg7+ Ke7 19. Qxf7# 1-0

[Event "Challenge"]
[Site "http://www.queenalice.com/game.php?id=303383"]
[Date "2007.11.13"]
[Round "-"]
[White "mandacaru"]
[Black "commando"]
[Result "1-0"]
[WhiteElo "1445"]
[BlackElo "1349"]

1. e4 e5 2. Nf3 Nc6 3. Nc3 Bd6 4. Nb5 Nf6 5. Nxd6+ cxd6 6. Bc4 O-O 7. O-O Nxe4
8. d3 Nc5 9. b3 d5 10. Bxd5 d6 11. Bb2 Bf5 12. d4 exd4 13. Bxc6 bxc6 14. Nxd4
Be4 15. Qg4 Qf6 16. Rab1 Rae8 17. Nxc6 Qh6 18. Nxa7 Bxc2 19. Rbc1 Be4 20. Nb5
Nd3 21. Rc2 Nxb2 22. Rxb2 Bd3 23. Ra1 Bxb5 24. a4 Qf6 25. Rba2 Bd3 26. Qg3 Be4
27. b4 Bd5 28. Ra3 Rb8 29. b5 Rfe8 30. Rd3 Be4 31. Rdd1 Bc2 32. Rdc1 Be4 33. Ra3
Qd4 34. h3 Qd2 35. Rac3 Ra8 36. Rc4 Bd3 37. Rc6 Rxa4 38. b6 Re1+ 39. Rxe1 Qxe1+
40. Kh2 Ra1 41. Rc8+ Qe8 42. Rxe8# 1-0

[Event "Challenge"]
[Site "http://www.queenalice.com/game.php?id=303404"]
[Date "2007.11.13"]
[Round "-"]
[White "commando"]
[Black "Football_rules"]
[Result "1-0"]
[WhiteElo "1315"]
[BlackElo "1356"]

1. e4 e5 2. Nf3 Qf6 3. Nc3 Bc5 4. d3 Nh6 5. Bd2 Ng4 6. Qe2 d6 7. O-O-O Nxf2 8.
Bg5 Qe6 9. d4 Nxh1 10. Nd5 O-O 11. dxc5 dxc5 12. Nxc7 h6 13. Nxe6 Bxe6 14. Be3
Nc6 15. Bxc5 Rfe8 16. Qb5 Bxa2 17. Qxb7 Rec8 18. Bb5 Be6 19. Rxh1 Nd8 20. Qe7
Kh7 21. Nxe5 a6 22. Ba4 a5 23. g4 Rab8 24. Rg1 Rb7 25. Qd6 g5 26. h4 gxh4 27. g5
Rbc7 28. Bd4 f6 29. gxf6 Nf7 30. Qxe6 Nxe5 31. Bxe5 Ra7 32. Qxc8 Rf7 33. Qg8#
1-0

[Event "Challenge"]
[Site "http://www.queenalice.com/game.php?id=305298"]
[Date "2007.11.16"]
[Round "-"]
[White "Football_rules"]
[Black "commando"]
[Result "1-0"]
[WhiteElo "1328"]
[BlackElo "1367"]

1. d4 d5 2. Nc3 Nf6 3. Nf3 Nc6 4. e3 e6 5. Bb5 Be7 6. O-O O-O 7. b3 a6 8. Ba4 b5
9. Nxb5 axb5 10. Bxb5 Bb7 11. c4 dxc4 12. Bxc4 Nb4 13. a4 Ne4 14. Ne5 f6 15. Ng4
f5 16. Ne5 Nd6 17. Bxe6+ Kh8 18. Qh5 Qe8 19. Qh3 Rf6 20. Bc4 Nxc4 21. bxc4 Nc6
22. Bb2 Nxe5 23. dxe5 Rc6 24. Qg3 Rxc4 25. e6 Qg6 26. Rfe1 Bf6 27. Rac1 Raxa4
28. Re2 Bxb2 29. Rxc4 Rxc4 30. h3 Qxe6 31. Rxb2 Qc6 32. f3 g6 33. Kh2 Rc1 34.
Rd2 Qc3 35. Rd8+ Kg7 36. Rd7+ Kg8 37. Qg5 Qe5+ 38. f4 Qxe3 39. Qd8+ Qe8 40.
Qxe8# 1-0

[Event "Challenge"]
[Site "http://www.queenalice.com/game.php?id=305387"]
[Date "2007.11.17"]
[Round "-"]
[White "commando"]
[Black "robertolanger"]
[Result "1-0"]
[WhiteElo "1322"]
[BlackElo "1439"]

1. e4 d5 2. Nc3 d4 3. Nce2 Nc6 4. Nf3 e5 5. d3 Bg4 6. Bg5 f6 7. Bh4 g5 8. Bg3
Bb4+ 9. c3 Ba5 10. Nc1 Nge7 11. Nb3 Qd6 12. Nxa5 Nxa5 13. cxd4 exd4 14. Bxd6
cxd6 15. Qd2 b6 16. Nxd4 O-O 17. e5 dxe5 18. Be2 h5 19. O-O exd4 20. h3 Bf5 21.
Bxh5 Rad8 22. Rae1 Nd5 23. Qe2 Nf4 24. Qe7 Nc6 25. Qc7 Bxd3 26. Qxc6 Bxf1 27.
Kxf1 Nxh5 28. g4 Nf4 29. Qc7 Nd3 30. Re7 Ne5 31. Rg7+ Kh8 32. Rh7+ Kg8 33. Qg7#
1-0

[Event "Challenge"]
[Site "http://www.queenalice.com/game.php?id=309144"]
[Date "2007.11.24"]
[Round "-"]
[White "commando"]
[Black "Football_rules"]
[Result "0-1"]
[WhiteElo "1337"]
[BlackElo "1359"]

1. e4 e5 2. Nf3 Nc6 3. d3 d5 4. Nc3 d4 5. Ne2 Nf6 6. Ng5 h6 7. Nh3 Bb4+ 8. c3
Ba5 9. Bd2 Bb6 10. Qc2 Bc5 11. g3 Bg4 12. O-O-O Bh5 13. Bg2 Bxe2 14. Rde1 Bh5
15. cxd4 Bxd4 16. f4 exf4 17. Bxf4 O-O 18. e5 Nb4 19. Qc4 c5 20. exf6 Qxf6 21.
Bxb7 Rab8 22. Bxb8 Bxb2+ 23. Kd2 Rxb8 24. Be4 Rc8 25. Rhf1 Qd4 26. Qb3 c4 27.
Qxb4 c3+ 28. Qxc3 Qxc3+ 29. Ke3 Re8 30. Rf4 Qxe1# 0-1

[Event "commando"]
[Site "http://www.queenalice.com/game.php?id=313041"]
[Date "2007.11.30"]
[Round "-"]
[White "foda"]
[Black "commando"]
[Result "0-1"]
[WhiteElo "1455"]
[BlackElo "1337"]

1. e4 e5 2. Bc4 Qe7 3. Nf3 Nc6 4. d3 Nf6 5. Bg5 d6 6. Bb5 a6 7. Bxc6+ bxc6 8.
Nc3 h6 9. Bxf6 Qxf6 10. O-O Be7 11. a4 O-O 12. b4 Rb8 13. Rb1 d5 14. exd5 Bxb4
15. Na2 a5 16. c3 Ba6 17. cxb4 axb4 18. Nxb4 Rb6 19. a5 Rxb4 20. Rxb4 cxd5 21.
d4 Bxf1 22. Qxf1 e4 23. Ne5 Qe7 24. Nc6 Qd6 25. Qc1 Ra8 26. Rb8+ Rxb8 27. Nxb8
c5 28. dxc5 Qxb8 29. c6 d4 30. c7 Qc8 31. h4 Kf8 32. Qc5+ Ke8 33. Qe5+ Kf8 34.
Qd6+ Kg8 0-1

[Event "Challenge"]
[Site "http://www.queenalice.com/game.php?id=315047"]
[Date "2007.12.4"]
[Round "-"]
[White "commando"]
[Black "Football_rules"]
[Result "0-1"]
[WhiteElo "1343"]
[BlackElo "1378"]

1. d4 d5 2. e3 Nc6 3. Bd3 Nf6 4. Nf3 h5 5. O-O b6 6. Bd2 Bb7 7. Qe2 e6 8. Nc3
Bd6 9. g3 Ng4 10. Ng5 Qxg5 11. f4 Qf6 12. Nb5 a6 13. Nxd6+ cxd6 14. c4 Ne7 15.
e4 dxc4 16. Bxc4 b5 17. Bb3 Qxd4+ 18. Kh1 Bxe4+ 19. Rf3 d5 20. Bc3 Nf2+ 21. Kg2
Bxf3+ 22. Qxf3 Qc5 23. Bxg7 Rg8 24. Bf6 Ng4 25. Bg5 Nf5 26. Re1 Rc8 27. h3 Nd4
28. Qd3 Nf2 29. Kxf2 Nxb3+ 30. Kg2 Nd4 31. Qh7 Rf8 32. Bh6 Nf5 33. Bxf8 Qxf8 34.
Qxh5 Rc2+ 35. Re2 Rxe2+ 36. Qxe2 Qg7 37. g4 d4 38. Kf3 Nd6 39. g5 Qg6 40. Qe5
Qh5+ 41. Kg2 Nf5 42. Qb8+ Ke7 43. Qa7+ Kf8 44. Qxa6 Ne3+ 45. Kg3 Kg7 46. Qxb5
Nf5+ 47. Kg2 Ne3+ 48. Kh2 Qf3 49. Qe5+ Kg8 50. Qxd4 Qg2# 0-1

[Event "Challenge"]
[Site "http://www.queenalice.com/game.php?id=319139"]
[Date "2007.12.12"]
[Round "-"]
[White "Football_rules"]
[Black "commando"]
[Result "1-0"]
[WhiteElo "1393"]
[BlackElo "1328"]

1. e4 e5 2. Nf3 Nc6 3. Nc3 Bc5 4. d3 Nf6 5. Be3 b6 6. d4 exd4 7. Nxd4 O-O 8. Bc4
Ng4 9. Qxg4 Nxd4 10. Bd3 d6 11. Nd5 Bxg4 12. c3 Nf5 13. h3 Bh5 14. g4 Bg6 15.
gxf5 Bh5 16. Rg1 g6 17. Bd2 c6 18. Nf4 Bf3 19. b4 Bxb4 20. cxb4 c5 21. bxc5 bxc5
22. Bc4 Bxe4 23. fxg6 d5 24. gxh7+ Kxh7 25. Bb3 c4 26. Bd1 Rb8 27. a4 Re8 28.
Kf1 Rb2 29. Bc3 Rb6 30. Ba5 Qf6 31. Nh5 Qd4 32. Rg7+ Kh8 33. Rc1 Bd3+ 34. Kg2
Rb2 35. Rxf7 Rg8+ 36. Bg4 Be4+ 37. Kg3 Bg6 38. Bc3 Qe5+ 39. Bxe5+ Rg7 40. Rf8+
Kh7 41. Nf6+ Kh6 42. Bxb2 Rb7 43. Bd4 Rb3+ 44. f3 Rd3 45. Bxa7 c3 46. a5 Re3 47.
Bxe3+ 1-0

[Event "Challenge"]
[Site "http://www.queenalice.com/game.php?id=333198"]
[Date "2008.1.8"]
[Round "-"]
[White "commando"]
[Black "Football_rules"]
[Result "0-1"]
[WhiteElo "1358"]
[BlackElo "1372"]

1. d4 e6 2. e3 b6 3. Nf3 Bb7 4. Be2 Nf6 5. O-O d5 6. Nc3 Nc6 7. Bd3 Bd6 8. e4
O-O 9. e5 Be7 10. exf6 Bxf6 11. Qd2 Bxd4 12. Ng5 h6 13. Nf3 Bc5 14. Qf4 d4 15.
Ne4 Qd5 16. Qxc7 Nb4 17. Re1 a5 18. a3 Nxd3 19. cxd3 Rfe8 20. Nxc5 bxc5 21. Re5
Qb3 22. Nd2 Qd1+ 23. Nf1 Ba6 24. h3 Bxd3 25. Qxc5 Qxf1+ 26. Kh2 Qxf2 27. b4 Rec8
28. Qb6 Rab8 29. Qxa5 Bf5 30. Rxf5 exf5 31. Qd5 f4 32. Qe4 Rc3 33. Bxf4 d3 34.
Rd1 Rd8 35. Qe7 Qxf4+ 36. Kh1 Rcc8 37. Qe1 d2 38. Qe2 Rc1 39. Qe7 Rxd1+ 0-1

[Event "Challenge"]
[Site "http://www.queenalice.com/game.php?id=336456"]
[Date "2008.1.14"]
[Round "-"]
[White "weber"]
[Black "commando"]
[Result "1-0"]
[WhiteElo "1568"]
[BlackElo "1341"]

1. e4 e5 2. Nf3 Nc6 3. Nc3 d6 4. d3 Be6 5. Ng5 Qe7 6. Be2 Nd4 7. Be3 Nxe2 8.
Qxe2 O-O-O 9. O-O h6 10. Nxe6 Qxe6 11. Bxa7 b6 12. Nd5 Kb7 13. Qe3 Kxa7 14. Nxc7
Qd7 15. Nd5 Qb5 16. Rab1 Kb8 17. c4 Qa4 18. Qxb6+ Ka8 19. Nc7# 1-0

[Event "Challenge"]
[Site "http://www.queenalice.com/game.php?id=341603"]
[Date "2008.1.23"]
[Round "-"]
[White "luongo_00001"]
[Black "commando"]
[Result "0-1"]
[WhiteElo "1605"]
[BlackElo "1334"]

1. e4 e5 2. Nf3 Nc6 3. Bb5 Nf6 4. Nc3 Bc5 5. Bxc6 bxc6 6. O-O O-O 7. d3 Ng4 8.
Be3 Nxe3 9. fxe3 Bxe3+ 10. Kh1 d6 11. Qe2 Bf4 12. g3 Bh6 13. b3 Bg4 14. Qf2 Qd7
15. a4 f6 16. Rae1 d5 17. exd5 cxd5 18. Ne2 e4 19. Nfd4 Rfe8 20. Nc3 e3 21. Qg2
Bh3 22. Qe2 Bxf1 23. Rxf1 Rab8 24. Rf5 c6 25. Rf3 c5 26. Nf5 Bg5 27. h4 Bh6 28.
Nxh6+ gxh6 29. Rxf6 Qh3+ 30. Qh2 Qg4 31. Rxh6 e2 0-1

[Event "Challenge"]
[Site "http://www.queenalice.com/game.php?id=344324"]
[Date "2008.1.28"]
[Round "-"]
[White "commando"]
[Black "Football_rules"]
[Result "1-0"]
[WhiteElo "1361"]
[BlackElo "1398"]

1. d4 d5 2. Nc3 e6 3. Qd3 Nc6 4. Be3 Bb4 5. O-O-O Nf6 6. Bf4 h6 7. Nb5 a6 8.
Nxc7+ Ke7 9. Nxa8 g5 10. Bc7 Qd7 11. Nf3 Ng4 12. Bg3 Rd8 13. Ne5 Ncxe5 14. dxe5
b5 15. Nb6 Qc6 16. Nxc8+ Rxc8 17. a3 Ba5 18. f3 Nxe5 19. Bxe5 h5 20. Kb1 h4 21.
g3 Bd8 22. Bh3 Kd7 23. Rhf1 Be7 24. f4 Rf8 25. Bg7 Re8 26. fxg5 b4 27. axb4 Bxb4
28. Rxf7+ Kd6 29. gxh4 Rb8 30. Qg3+ Kc5 31. Qxb8 Ba5 32. Bd4+ Kc4 33. b3# 1-0

[Event "Challenge"]
[Site "http://www.queenalice.com/game.php?id=354495"]
[Date "2008.2.14"]
[Round "-"]
[White "commando"]
[Black "Football_rules"]
[Result "1-0"]
[WhiteElo "1383"]
[BlackElo "1518"]

1. d4 d5 2. e3 Nf6 3. Be2 e6 4. Nf3 Nc6 5. O-O b6 6. Nc3 Bd6 7. Bb5 Bd7 8. b3 a6
9. Ba4 Rb8 10. Qd3 Nb4 11. Qe2 b5 12. Ne5 bxa4 13. Nxd7 Qxd7 14. bxa4 a5 15. a3
Nc6 16. e4 O-O 17. g3 Rfe8 18. Nb5 Nxe4 19. Nxd6 Nxd6 20. Be3 h6 21. Rad1 Ne7
22. Qa6 Qxa4 23. Qa7 Qxc2 24. Qxa5 Ndf5 25. Bf4 c6 26. Rfe1 Qb2 27. Bxb8 Rxb8
28. Rb1 Rb5 29. Qd8+ Kh7 30. Rxb2 Rxb2 31. Qf8 Kg6 32. Re5 Nxd4 33. Qxe7 Nf3+
34. Kg2 Nxe5 35. Qd6 Nc4 36. Qc5 Ne5 37. Qd4 Nc4 38. Qc3 f5 39. a4 h5 40. a5 Ra2
41. g4 hxg4 42. Qe1 e5 43. Qb1 Rxa5 44. Qb7 e4 45. Qxc6+ Kg5 46. Qc7 Ra2 47.
Qxg7+ Kf4 48. Qh6+ Ke5 49. Qg7+ Kd6 50. Kg3 Rd2 51. Qf6+ Kc5 52. Qxf5 Rd1 53.
Kxg4 Rf1 54. Qf4 Kd4 55. Qf6+ Ne5+ 56. Kg5 e3 57. Qb6+ Kd3 58. Qxe3+ Kc4 59.
Qxe5 Rxf2 60. Qc7+ Kd3 61. Qg3+ Ke2 62. h4 d4 63. Qe5+ Kd3 64. Kg4 Kc3 65. Qe1+
Rd2 66. h5 d3 67. h6 Kc2 68. Kf3 Rd1 69. Qf2+ d2 70. h7 Rh1 71. Qc5+ Kd1 72. Qc7
Ke1 73. Qe7+ Kd1 74. Kf2 Kc1 75. Qa3+ Kc2 76. Qa2+ Kd3 77. Qd5+ Kc2 78. Qxh1
d1=Q 79. Qc6+ Kd3 80. h8=Q Qd2+ 81. Kg3 Qe1+ 82. Kh3 Qf1+ 83. Kg4 1-0

[Event "Challenge"]
[Site "http://www.queenalice.com/game.php?id=356625"]
[Date "2008.2.18"]
[Round "-"]
[White "commando"]
[Black "shady66"]
[Result "0-1"]
[WhiteElo "1378"]
[BlackElo "1516"]

1. d4 d5 2. e3 e6 3. Bd3 g6 4. Nf3 Nc6 5. O-O Bg7 6. Bd2 Nh6 7. Nc3 a6 8. g3 Qe7
9. Na4 b6 10. Ne5 Nxe5 11. dxe5 Bxe5 12. e4 Qf8 13. exd5 exd5 14. Re1 f6 15. f4
Bg4 16. Qc1 b5 17. fxe5 bxa4 18. exf6+ Kf7 19. Bxh6 Qc5+ 20. Kf1 Rhe8 21. Be3 d4
22. Bf2 Qd5 23. Qf4 Bh3+ 24. Kg1 Qg2# 0-1

[Event "Challenge"]
[Site "http://www.queenalice.com/game.php?id=361703"]
[Date "2008.2.26"]
[Round "-"]
[White "commando"]
[Black "rigler8"]
[Result "0-1"]
[WhiteElo "1396"]
[BlackElo "1474"]

1. e4 e5 2. Nf3 Nc6 3. d3 Nf6 4. Be2 d5 5. O-O dxe4 6. Nfd2 exd3 7. Bxd3 Bc5 8.
Qe2 Bg4 9. Qe1 h5 10. Nb3 Bb4 11. c3 Qxd3 12. cxb4 Be2 13. N3d2 Bxf1 14. Nxf1
Nd4 15. h3 Nc2 16. Qxe5+ Kf8 17. b3 Re8 18. Qb2 Re1 19. Nd2 Nxa1 20. Qxa1 Ne4
21. Qe5 f6 22. Qe6 Rh6 23. Qc8+ Ke7 24. Qxc7+ Kf8 25. Qb8+ Kf7 26. Qxb7+ Ke6 27.
Qc6+ Ke5 28. Qc7+ Ke6 29. Nxe4 Qxf1+ 30. Kh2 Qg1+ 31. Kg3 Rg6+ 32. Kf3 Qxg2+ 33.
Kf4 Rxe4# 0-1

[Event "Challenge"]
[Site "http://www.queenalice.com/game.php?id=383559"]
[Date "2008.4.7"]
[Round "-"]
[White "commando"]
[Black "Football_rules"]
[Result "1-0"]
[WhiteElo "1404"]
[BlackElo "1620"]

1. e4 e5 2. Nf3 Nc6 3. d3 Nf6 4. Be2 b5 5. O-O Bc5 6. Be3 Bxe3 7. fxe3 d6 8. h3
Bb7 9. Nc3 O-O 10. Nxb5 a6 11. Na3 h6 12. Qd2 Nh5 13. Qe1 Qf6 14. Nh4 Bc8 15.
Rxf6 Nxf6 16. Nf3 Bd7 17. d4 d5 18. Qf1 dxe4 19. Nxe5 Nxe5 20. dxe5 Nd5 21. Qd1
Bc6 22. c4 Nxe3 23. Qd4 Nf5 24. Qc5 Bd7 25. Qd5 Rad8 26. Qxe4 Rfe8 27. Bf3 f6
28. Qb7 fxe5 29. Qxa6 Ne3 30. Qa7 e4 31. Bh5 Re5 32. Qxc7 Bf5 33. Qxd8+ Kh7 34.
Qd4 Nxc4 35. Nxc4 Re6 36. Nd6 e3 37. Nxf5 g6 38. Qg7# 1-0